000 00589cam a22002171 4500
001 ca 36000985
003 DLC
005 20260227111142.0
008 770531s1929 xx 000 0 eng
010 _aca 36000985
035 _a(OCoLC)3005927
040 _aDLC
_cTxU
_dDLC
042 _apremarc
050 0 0 _aPN6120.C5
_bP55
082 _a812.5
100 1 _aPipes, Mai.
245 1 4 _aThe boy they turned away,
_ba Christmas play for children,
_cby Mai Pipes.
260 _aChicago,
_b Dramatic Publishing Company
_c[c1929]
300 _a14 p.
_c19 cm.
650 0 _aChristmas plays.
999 _c18164
_d18164